000 01420nam a2200241Ia 4500
003 Ost
005 20260507075637.0
008 260507s9999||||xx |||||||||||||| ||und||
020 _a4305119957
040 _cfsecg
041 _aara
082 _a657.42
100 _aمطر، محمد
_eمؤلف
245 0 _aالإتجاهات الحديثة في التحليل المالي والانتمائي :
_bالأساليب والأدوات والإستخدمات العملية /
_c محمد مطر
250 _aطبعة 2
260 _aعمان:
_bدار وائل للنشر,
_c2006
300 _a458 صفحة؛
_bإيضاحات ؛
_c24 سم
504 _aالمراجع ص.456
520 _aأغراض ومقومات التحليل المالي- مدخل وأساليب التحليل المالي- تفسير مؤشرات ونتائج التحليل المالي -آثار التضخم الإقتصادي على مصداقية النسب المالية- تحليل التدفقات النقدية- تحليل التعادل- القوائم المالية المتوقعة وتحليل المحاسبة- التحليل المالي لأغراض التمويل- التحليل المالي لأغراض الأندماج- تحليل الإئتمان- الإتجاهات الحديثة في التحليل المالي
653 _aالتمويل
653 _aالمالية-التحليل
942 _cكتاب
999 _c45327
_d45327